000 00653nam a22002417a 4500
003 UA-OsUOA
001 29601
007 ta
008 20041014b un ||||| |||| 00| 0 ukr d
100 _aГрушкевич І. Л.
090 _a82.09(477)
_bГ91
942 _cBK
040 _aUA-OsUOA
_bukr
_cUA-OsUOA
_dUA-OsUOA
245 _aПедагогічна діяльність і педагогічні погляди С. В. Васильченка
300 _a62 с.
955 _a0
041 _aukr
080 _a82.09(477)
260 _aКиїв
_bРадянська школа
_c1961
044 _aUA
650 7 _2UDC
999 _c315994
_d315994